000 00704nam a2200241Ia 4500
003 OSt
005 20251114162722.0
008 210210b2019 xxu||||| |||| 00| 0 eng d
020 _a97881939666051
040 _cAL
041 _aKannada
082 _a322.44095487K SRIK
100 _aSRIYAN (K R)
_dಕೆ.ಆರ್. ಶ್ರೀಯಾನ್
_9245617
245 _aKarnatakada raita chaluvaligalu
_bಕರ್ನಾಟಕದ ರೈತ ಚಳುವಳಿಗಳು
260 _aBengaluru
_b-
_c2019
300 _a166
650 _araita
_9245618
650 _aKarnatakada
_9245619
650 _achaluvaligalu
_9245620
690 _aPolitical Science
_9245621
906 _a073710
942 _2ddc
_cBK
999 _c123484
_d123484